000 00605nam a22001697a 4500
003 BD-DhUL
005 20160329144550.0
008 160329s1974 xxua|||| |||| 00| 0 eng d
040 _aBD-DhUL
_cBD-DhUL
082 _a301.36072073
_bHEU
100 1 _aHeiss, F. William
245 _aUrban Research and Urban Policy-Making :
_ban Observatory Perspective /
_cF. William Heiss.
260 _aColorado :
_bBureau of Governmental Research and Service, University of Colorado,
_cc1974.
300 _axiii, 132 p. :
_bill. ;
_c26 cm.
650 0 _aCities and towns
_x Research
_zUnited States.
942 _2ddc
_cBK
999 _c51109
_d51109